Série Turque - Statistiques

Statistiques générales
  • Ce quiz a été pris 67 fois
  • Le résultat moyen est 9 sur 18
Statistiques - réponses
Par images Réponse % Correct
esref ruya
94%
uzak sehir
88%
sen anlat karadeniz
84%
sahipsizler
78%
yargi
76%
kizilcik serbeti
71%
arka sokaklar
67%
kacak gelinler
59%
kalp atisi
55%
cocuklar duymasin
51%
teskilat
51%
ask ve mavi
39%
kizil goncalar
35%
aski memnu
29%
aziz
16%
kalp yarasi
12%
kimse bilmez
10%
karadut
8%
Aucun quiz correspondant
Distribution des résultats
% des personnes avec chaque résultat
Percentile par nombre de réponses
Votre historique - résultats
Vous n’avez pas pris ce quiz